000 00435nam a2200157 i 4500
001 100612
003 ES-MaACL
005 20230906182716.0
007 t|
008 050930s1967 sp ||||1| spa d
100 1 _aMassisimo, María Angeles.
_978834
245 1 0 _aPiratas y filibusteros /
_cMª Angeles Massisimo.
260 _aBarcelona :
_bTelstar,
_c1967.
300 _a220 p. ;
_c18 cm.
852 _aES-MaACL
_jC-34267
_bR.64827
999 _c100612
_d100612